书目信息 |
| 题名: |
企业拆迁维权攻略
|
|
| 作者: | 吴少博 , 李晓宁 著 | |
| 分册: | ||
| 出版信息: | 北京 中国政法大学出版社 2015 |
|
| 页数: | 207页 | |
| 开本: | 21cm | |
| 丛书名: | ||
| 单 册: | ||
| 中图分类: | D922.181.4 | |
| 科图分类: | ||
| 主题词: | 房屋拆迁--法律--基本知识--中国 | |
| 电子资源: | ||
| ISBN: | 978-7-5620-5845-8 | |
| 000 | 00970nam0 2200241 450 | |
| 001 | 0103447813 | |
| 005 | 20150527091430.0 | |
| 010 | @a978-7-5620-5845-8@dCNY26.00 | |
| 100 | @a20150323d2015 em y0chiy0120 ea | |
| 101 | 0 | @achi |
| 102 | @aCN@b110000 | |
| 105 | @ay z 000yy | |
| 106 | @ar | |
| 200 | 1 | @a企业拆迁维权攻略@9Qi Ye Chai;Ca Qian Wei Quan Gong Lue @f吴少博,李晓宁著@b专著 |
| 210 | @a北京@c中国政法大学出版社@d2015 | |
| 215 | @a207页@d21cm | |
| 330 | @a本书分为六篇。布局篇介绍了在拆迁前企业需要先行进行了解和准备的相关事项;气势篇介绍了拆迁方惯用的招数;策略篇介绍了拆迁谈判的策略和技巧;依据篇对拆迁方常用的拆迁手段进行了专业分析;案例篇介绍了拆迁维权实务工作中的真实案例;法规篇介绍拆迁维权中的法律依据。 | |
| 606 | 0 | @a房屋拆迁@x法律@x基本知识@y中国 |
| 690 | @aD922.181.4@v5 | |
| 701 | 0 | @a吴少博@c(律师)@4著@9wu shao bo |
| 701 | 0 | @a李晓宁@c(女,律师)@4著@9li xiao ning |
| 801 | 0 | @aCN@bAZmarc@c20230907 |
| 905 | @aBZT@dD922@e203@f3@sD922/203 | |
| 企业拆迁维权攻略/吴少博,李晓宁著.-北京:中国政法大学出版社,2015 |
| 207页;21cm |
| ISBN 978-7-5620-5845-8:CNY26.00 |
| 本书分为六篇。布局篇介绍了在拆迁前企业需要先行进行了解和准备的相关事项;气势篇介绍了拆迁方惯用的招数;策略篇介绍了拆迁谈判的策略和技巧;依据篇对拆迁方常用的拆迁手段进行了专业分析;案例篇介绍了拆迁维权实务工作中的真实案例;法规篇介绍拆迁维权中的法律依据。 |
| ● |
| 相关链接 |
|
|
|
正题名:企业拆迁维权攻略
索取号:D922/203
 
预约/预借
| 序号 | 登录号 | 条形码 | 馆藏地/架位号 | 状态 | 备注 |
| 1 | 2000008278 | 2000008278 | 旧书回溯/ [索取号:D922/203] | 在馆 | |
| 2 | 2000008279 | 2000008279 | 旧书回溯/ [索取号:D922/203] | 在馆 | |
| 3 | 2000008280 | 2000008280 | 旧书回溯/ [索取号:D922/203] | 在馆 |